| 000 | 00865cam a2200289 i 4500 | ||
|---|---|---|---|
| 005 | 20260322212044.0 | ||
| 008 | data | ||
| 010 | _a 74000313 | ||
| 020 | _a0669926760 | ||
| 020 | _a9780669926767 | ||
| 040 |
_aDLC _cDLC _dOCLCQ |
||
| 043 | _an-us--- | ||
| 049 | _aYUSS | ||
| 050 | 0 | 0 |
_aHV5825 _b.L47 |
| 060 | _aWM270 L723L | ||
| 096 | _aWM 270 L7231 1975 | ||
| 100 | 1 | _aLight, Patricia K. | |
| 245 | 1 | 0 |
_aLet the children speak : _ba psychological study of young teenagers and drugs / _cPatricia K. Light. |
| 260 |
_aLexington, Mass. : _bLexington Books, _c[1975] |
||
| 300 |
_axiii, 95 p. ; _c24 cm. |
||
| 504 | _aIncludes bibliographical references (93-95). | ||
| 590 | _aIncludes bibliography. | ||
| 650 | 0 |
_aYouth _xDrug use _zUnited States _vCase studies. |
|
| 650 | 0 | _aAdolescent psychology. | |
| 650 | 2 |
_aSubstance Abuse _xAdolescence. |
|
| 001 | data | ||
| 999 |
_c1041 _d1041 |
||